[Event "Titled Tuesday intern op 03rd Jan Late"]
[Site "Chess.com INT"]
[Date "2025.06.03"]
[Round "1"]
[White "Schmakel, Sam A"]
[Black "Khanbutaev, Artemiy"]
[Result "1-0"]
[WhiteElo "2449"]
[BlackElo "2059"]
[PlyCount "73"]
[EventDate "2025.06.03"]
[EventType "swiss (blitz)"]
[EventRounds "11"]
[EventCountry "USA"]
[SourceTitle "CB24_2025"]
[SourceDate "2025.06.11"]
[SourceVersion "1"]
[SourceVersionDate "2025.06.11"]
[SourceQuality "1"]

1. c4 Nf6 2. Nc3 e6 3. Nf3 d5 4. e3 a6 5. b3 b6 6. Bb2 Bb7 7. d4 Bd6 8. Bd3 0-0 9. 0-0 Nbd7 10. Qe2 Ne4 11. Rfd1 f5 12. a3 Rf6 13. b4 Rh6 14. g3 Ndf6 15. c5 Nxc3 16. Bxc3 Ne4 17. Be1 Be7 18. Ne5 Bf6 19. Rac1 g5 20. f3 Bxe5 21. dxe5 Qe7 22. c6 Bc8 23. fxe4 fxe4 24. Bb1 a5 25. b5 Qxa3 26. Bc3 Qe7 27. Rf1 a4 28. Rf6 Rxf6 29. exf6 Qf7 30. Rf1 a3 31. Ba2 Ra4 32. Qd1 Ra7 33. Qg4 h6 34. h4 e5 35. Qxc8+ Kh7 36. Qf5+ Kg8 37. Qxe5 1-0

[Event "Chicago op 34th"]
[Site "Chicago"]
[Date "2025.05.24"]
[Round "5"]
[White "Schmakel, Sam A"]
[Black "Mamatov, Melis"]
[Result "1-0"]
[WhiteElo "2449"]
[BlackElo "2339"]
[PlyCount "99"]
[EventDate "2025.05.22"]
[EventType "swiss"]
[EventRounds "9"]
[EventCountry "USA"]
[SourceTitle "CB23_2025"]
[SourceDate "2025.06.04"]
[SourceVersion "1"]
[SourceVersionDate "2025.06.04"]
[SourceQuality "1"]

1. e4 e5 2. Nf3 Nc6 3. Bc4 Be7 4. d4 d6 5. d5 Nb8 6. Nc3 c6 7. a4 Nf6 8. 0-0 0-0 9. a5 cxd5 10. exd5 a6 11. Be3 Bg4 12. h3 Bh5 13. g4 Bg6 14. Nd2 Nbd7 15. Be2 Rc8 16. g5 Ne8 17. h4 f6 18. Bh5 Bf5 19. Nde4 g6 20. Be2 Bh3 21. Re1 Ng7 22. Kh2 Bf5 23. Rg1 Bxe4 24. Nxe4 f5 25. Nc3 f4 26. Bd2 Nf5 27. Bg4 Kg7 28. Kh3 Rc7 29. Ne4 Nc5 30. Nxc5 Rxc5 31. Bc3 Qe8 32. Bb4 Rc4 33. c3 f3 34. Qxf3 Rf4 35. Qe2 Qf7 36. c4 h5 37. gxh6+ Kh7 38. Bd2 Nd4 39. Qd3 Rxf2 40. h5 Nf5 41. Bxf5 Qxf5+ 42. Qxf5 gxf5 43. Rg7+ Kh8 44. Be1 Rxb2 45. Rxe7 f4 46. c5 Rb3+ 47. Kh4 f3 48. Bg3 Rb4+ 49. Kg5 Rg8+ 50. Rg7 1-0

[Event "Titled Tuesday intern op 01st Apr Early"]
[Site "Chess.com INT"]
[Date "2025.04.01"]
[Round "3"]
[White "Schmakel, Sam A"]
[Black "Ternault, Mathieu"]
[Result "1-0"]
[WhiteElo "2449"]
[BlackElo "2301"]
[PlyCount "81"]
[EventDate "2025.04.01"]
[EventType "swiss (blitz)"]
[EventRounds "11"]
[EventCountry "USA"]
[SourceTitle "CB15_2025"]
[SourceDate "2025.04.09"]
[SourceVersion "1"]
[SourceVersionDate "2025.04.09"]
[SourceQuality "1"]

1. e4 e6 2. d4 a6 3. Nf3 d5 4. e5 c5 5. c3 Bd7 6. Be2 Nh6 7. Bxh6 gxh6 8. a3 Qb6 9. b4 cxd4 10. cxd4 Bg7 11. 0-0 0-0 12. Nc3 Kh8 13. Bd3 Bb5 14. Nxb5 axb5 15. Bc2 f5 16. exf6 Bxf6 17. Qd3 Rf7 18. Rfe1 Nd7 19. Re2 Rc8 20. Rae1 Nf8 21. Ne5 Bxe5 22. Rxe5 Rc4 23. Bb3 Rcc7 24. g3 Qc6 25. R5e3 Qd6 26. Qxb5 Kg7 27. Qe2 Rf6 28. Bc2 Rcf7 29. f4 Qb6 30. Qd2 h5 31. Bb1 h4 32. Rc1 hxg3 33. hxg3 Rc7 34. Rec3 Rxc3 35. Qxc3 Qa7 36. Kg2 Rf7 37. Rh1 Kg8 38. Qe3 Rg7 39. f5 exf5 40. Bxf5 Qa6 41. Qe5 1-0

[Event "Titled Tuesday intern op 18th Mar Late"]
[Site "Chess.com INT"]
[Date "2025.03.18"]
[Round "1"]
[White "Chin, Spencer"]
[Black "Schmakel, Sam A"]
[Result "0-1"]
[WhiteElo "2084"]
[BlackElo "2449"]
[PlyCount "62"]
[EventDate "2025.03.18"]
[EventType "swiss (blitz)"]
[EventRounds "11"]
[EventCountry "USA"]
[SourceTitle "CB13_2025"]
[SourceDate "2025.03.26"]
[SourceVersion "1"]
[SourceVersionDate "2025.03.26"]
[SourceQuality "1"]

1. d4 e6 2. c4 Bb4+ 3. Nc3 c5 4. a3 Bxc3+ 5. bxc3 Nf6 6. f3 d5 7. cxd5 exd5 8. e3 0-0 9. Bd3 b6 10. Ne2 Ba6 11. 0-0 Re8 12. Ng3 h5 13. Bxa6 Nxa6 14. Qd3 Nb8 15. Bb2 Nc6 16. Rae1 h4 17. Nf5 h3 18. Ng3 hxg2 19. Kxg2 Rc8 20. Kh1 cxd4 21. cxd4 Qd7 22. Rg1 Na5 23. e4 Nc4 24. Bc1 dxe4 25. fxe4 Ne5 26. Qd1 Ng6 27. e5 Nd5 28. Qf3 Rc3 29. Qh5 Ndf4 30. Bxf4 Nxf4 31. Qg4 Qxg4 0-1

[Event "Titled Tuesday intern op 11th Mar Early"]
[Site "Chess.com INT"]
[Date "2025.03.11"]
[Round "5"]
[White "Cieslak, Patryk"]
[Black "Schmakel, Sam A"]
[Result "0-1"]
[WhiteElo "2411"]
[BlackElo "2449"]
[PlyCount "100"]
[EventDate "2025.03.11"]
[EventType "swiss (blitz)"]
[EventRounds "11"]
[EventCountry "USA"]
[SourceTitle "CB12_2025"]
[SourceDate "2025.03.19"]
[SourceVersion "1"]
[SourceVersionDate "2025.03.19"]
[SourceQuality "1"]

1. Nf3 c5 2. e4 d6 3. Bb5+ Nc6 4. 0-0 Bd7 5. Re1 Nf6 6. h3 a6 7. Bf1 g6 8. c3 Bg7 9. d4 cxd4 10. cxd4 0-0 11. d5 Na7 12. Nc3 Nb5 13. Nxb5 Bxb5 14. Bxb5 axb5 15. Qd3 Nd7 16. Qxb5 Nc5 17. Qe2 Nb3 18. Rb1 Nxc1 19. Rexc1 Rxa2 20. Qb5 Qb8 21. Qb3 Ra6 22. Rc4 b5 23. Rc6 Ra4 24. Qc2 Bf6 25. b3 Ra3 26. Rc1 Kg7 27. Rc7 Qb6 28. Rc6 Qa7 29. Rc8 Ra2 30. e5 Bxe5 31. Nxe5 Rxc2 32. R8xc2 dxe5 33. Rc7 Qa3 34. R1c5 Qxb3 35. Rxe7 b4 36. d6 Qd1+ 37. Kh2 Qxd6 38. Rcc7 b3 39. Red7 Qb4 40. Rb7 Qc5 41. Rdc7 Qxf2 42. Rxb3 Qf4+ 43. Rg3 h5 44. h4 Qxh4+ 45. Rh3 Qf4+ 46. Kg1 e4 47. Rcc3 Rd8 48. Rc1 Qxc1+ 49. Kh2 Qf4+ 50. Rg3 h4 0-1

[Event "Titled Tuesday intern op 11th Mar Early"]
[Site "Chess.com INT"]
[Date "2025.03.11"]
[Round "6"]
[White "Schmakel, Sam A"]
[Black "Aravindh, Chithambaram VR"]
[Result "0-1"]
[WhiteElo "2449"]
[BlackElo "2731"]
[PlyCount "60"]
[EventDate "2025.03.11"]
[EventType "swiss (blitz)"]
[EventRounds "11"]
[EventCountry "USA"]
[SourceTitle "CB12_2025"]
[SourceDate "2025.03.19"]
[SourceVersion "1"]
[SourceVersionDate "2025.03.19"]
[SourceQuality "1"]

1. c4 Nc6 2. Nc3 e5 3. e3 Nf6 4. a3 g6 5. d4 exd4 6. exd4 d5 7. Bg5 Be7 8. Nf3 Bg4 9. Be2 dxc4 10. 0-0 0-0 11. Bxc4 Bxf3 12. Qxf3 Qxd4 13. Ba2 Ne5 14. Qxb7 Rfb8 15. Qxc7 Bd8 16. Be3 Bxc7 17. Bxd4 Neg4 18. h3 Bh2+ 19. Kh1 Be5 20. Rad1 Bxd4 21. Rxd4 Nh6 22. Nd5 Ne8 23. b4 a5 24. Ne7+ Kf8 25. Nc6 Rb6 26. Nxa5 Nf5 27. Rd3 h5 28. Rc1 h4 29. Rd7 Ned6 30. Rd1 Re8 0-1

[Event "Titled Tuesday intern op 24th Sep Late"]
[Site "Chess.com INT"]
[Date "2024.09.24"]
[Round "3"]
[White "Bortnyk, Olexandr"]
[Black "Schmakel, Sam A"]
[Result "1/2-1/2"]
[WhiteElo "2608"]
[BlackElo "2449"]
[PlyCount "105"]
[EventDate "2024.09.24"]
[EventType "swiss (blitz)"]
[EventRounds "11"]
[EventCountry "USA"]
[SourceTitle "EXT 2025"]
[Source "ChessBase"]
[SourceDate "2024.10.14"]
[SourceVersion "1"]
[SourceVersionDate "2024.10.14"]
[SourceQuality "1"]

1. d4 e6 2. Nc3 Bb4 3. g3 d5 4. Bg2 Nf6 5. Bd2 0-0 6. Nf3 c5 7. e3 Nc6 8. 0-0 Bxc3 9. Bxc3 Ne4 10. Be1 Qb6 11. Rb1 cxd4 12. exd4 Bd7 13. c3 Rfc8 14. Bd2 Na5 15. Ne5 Bb5 16. Re1 Nxd2 17. Qxd2 Nc4 18. Nxc4 Bxc4 19. a3 Qd6 20. h4 a5 21. h5 h6 22. Re5 Bb5 23. Rbe1 Bd7 24. Bf1 b5 25. Bd3 b4 26. Bb1 bxc3 27. bxc3 Qxa3 28. Qd3 Qxc3 29. Qh7+ Kf8 30. Bf5 a4 31. Qh8+ Ke7 32. Qxg7 Rc6 33. Bg6 Rf8 34. R1e3 Qc1+ 35. Kg2 a3 36. Rxd5 a2 37. Bxf7 Rxf7 38. Rxd7+ Kxd7 39. Qxf7+ Kc8 40. Qf8+ Kc7 41. Ra3 a1Q 42. Qe7+ Kc8 43. Qe8+ Kc7 44. Qf7+ Kc8 45. Qg8+ Kc7 46. Qg7+ Kc8 47. Qh8+ Kc7 48. Qe5+ Kc8 49. Qh8+ Kc7 50. Qg7+ Kc8 51. Qg8+ Kc7 52. Qh7+ Kc8 53. Qh8+ 1/2-1/2

[Event "Titled Tuesday intern op 03rd Sep Late"]
[Site "Chess.com INT"]
[Date "2024.09.03"]
[Round "4"]
[White "Schmakel, Sam A"]
[Black "Pichot, Alan"]
[Result "0-1"]
[WhiteElo "2449"]
[BlackElo "2628"]
[PlyCount "76"]
[EventDate "2024.09.03"]
[EventType "swiss (blitz)"]
[EventRounds "11"]
[EventCountry "USA"]
[SourceTitle "EXT 2025"]
[Source "ChessBase"]
[SourceDate "2024.10.14"]
[SourceVersion "1"]
[SourceVersionDate "2024.10.14"]
[SourceQuality "1"]

1. d4 Nf6 2. c4 e6 3. Nc3 Bb4 4. Nf3 b6 5. e3 Bb7 6. Bd3 Bxc3+ 7. bxc3 0-0 8. 0-0 d6 9. Re1 Nbd7 10. e4 e5 11. a4 a5 12. Bg5 h6 13. Bh4 Re8 14. Qc2 Nf8 15. Bg3 Ng6 16. Rab1 Ba6 17. Nd2 Nh5 18. Bf1 Nhf4 19. Red1 Qf6 20. c5 Be2 21. Re1 Bxf1 22. Nxf1 bxc5 23. dxc5 dxc5 24. Ne3 Qg5 25. Nf5 h5 26. h4 Qf6 27. Red1 c4 28. Ne3 Qc6 29. Rb5 Qf6 30. Nxc4 Nxh4 31. Bxh4 Qxh4 32. g3 Qg5 33. Kh2 Ng6 34. f4 Nxf4 35. gxf4 Qh4+ 36. Kg2 exf4 37. Rf1 Ra6 38. Qf2 Rg6+ 0-1

[Event "Titled Tuesday intern op 27th Aug Late"]
[Site "Chess.com INT"]
[Date "2024.08.27"]
[Round "2"]
[White "Schmakel, Sam A"]
[Black "Cansun, Can Alp"]
[Result "1-0"]
[WhiteElo "2449"]
[BlackElo "2147"]
[PlyCount "95"]
[EventDate "2024.08.27"]
[EventType "swiss (blitz)"]
[EventRounds "11"]
[EventCountry "USA"]
[SourceTitle "EXT 2025"]
[Source "ChessBase"]
[SourceDate "2024.10.14"]
[SourceVersion "1"]
[SourceVersionDate "2024.10.14"]
[SourceQuality "1"]

1. e4 c5 2. Nf3 d6 3. d4 cxd4 4. Nxd4 Nf6 5. Nc3 Nc6 6. Bg5 Bd7 7. Bb5 a6 8. Bxc6 bxc6 9. Qf3 e5 10. Nf5 Bxf5 11. Qxf5 Qd7 12. Qxd7+ Nxd7 13. 0-0-0 Nc5 14. Be3 Ne6 15. g3 h5 16. f4 h4 17. f5 Nc7 18. g4 h3 19. Rhg1 Be7 20. Rg3 Rb8 21. Rd3 Nb5 22. Ne2 Rh4 23. c4 Nc7 24. Nc3 a5 25. Bd2 Na6 26. Rdf3 Kd7 27. Rxh3 Rxg4 28. Rfg3 Rxg3 29. hxg3 Nc5 30. Kc2 a4 31. Rh7 Rg8 32. g4 Ke8 33. Be3 Nd7 34. g5 Nf8 35. Rh1 g6 36. f6 Bd8 37. Nxa4 Ne6 38. Nc3 Kd7 39. Rh7 Rf8 40. b4 Bc7 41. a4 Nd8 42. a5 Ke6 43. a6 Re8 44. b5 cxb5 45. cxb5 Ba5 46. Nd5 Kd7 47. a7 Ne6 48. Rxf7+ 1-0

[Event "Titled Tuesday intern op 27th Aug Early"]
[Site "Chess.com INT"]
[Date "2024.08.27"]
[Round "1"]
[White "Schmakel, Sam A"]
[Black "Preobrazhenskaya, Diana"]
[Result "1-0"]
[WhiteElo "2449"]
[BlackElo "2025"]
[PlyCount "107"]
[EventDate "2024.08.27"]
[EventType "swiss (blitz)"]
[EventRounds "11"]
[EventCountry "USA"]
[SourceTitle "EXT 2025"]
[Source "ChessBase"]
[SourceDate "2024.10.14"]
[SourceVersion "1"]
[SourceVersionDate "2024.10.14"]
[SourceQuality "1"]

1. Nf3 Nf6 2. c4 e6 3. Nc3 b6 4. g3 c6 5. Bg2 d5 6. d4 Be7 7. 0-0 0-0 8. Ne5 Ba6 9. e4 dxc4 10. Be3 b5 11. Qc2 Nfd7 12. Nf3 Nb6 13. Rfd1 N8d7 14. d5 exd5 15. exd5 cxd5 16. Nxd5 Nxd5 17. Rxd5 Qc8 18. Bh3 Rd8 19. Rad1 Bb7 20. Bxd7 Qc7 21. Qf5 Bxd5 22. Qxd5 a6 23. Ne5 Rf8 24. Nxf7 Rxf7 25. Qxa8+ Rf8 26. Qd5+ Kh8 27. Bf4 Qb6 28. Qe6 Qc5 29. Be3 Qb4 30. a3 Qb3 31. Rf1 Bf6 32. Bc5 Rd8 33. Be7 Bxe7 34. Qxe7 Rb8 35. Qd6 Rg8 36. Be6 Ra8 37. Qc6 Rf8 38. Qc5 Re8 39. Bd7 Rg8 40. Qe5 Qc2 41. h4 Qg6 42. Bf5 Qc6 43. Re1 Rf8 44. Be4 Qh6 45. Qe7 Rg8 46. Bd5 Qg6 47. Bxg8 h6 48. Bf7 Qc6 49. Qe8+ Qxe8 50. Rxe8+ Kh7 51. Re6 g6 52. Bxg6+ Kg7 53. Rxa6 h5 54. Bxh5 1-0

[Event "Titled Tuesday intern op 27th Aug Late"]
[Site "Chess.com INT"]
[Date "2024.08.27"]
[Round "3"]
[White "Serban, Cristian Stefan"]
[Black "Schmakel, Sam A"]
[Result "1-0"]
[WhiteElo "2283"]
[BlackElo "2449"]
[PlyCount "33"]
[EventDate "2024.08.27"]
[EventType "swiss (blitz)"]
[EventRounds "11"]
[EventCountry "USA"]
[SourceTitle "EXT 2025"]
[Source "ChessBase"]
[SourceDate "2024.10.14"]
[SourceVersion "1"]
[SourceVersionDate "2024.10.14"]
[SourceQuality "1"]

1. d4 e6 2. c4 b6 3. Nf3 Bb7 4. g3 Nf6 5. Bg2 Be7 6. 0-0 0-0 7. Nc3 Ne4 8. Bd2 d6 9. Ne1 Nxc3 10. Bxc3 Bxg2 11. Nxg2 c5 12. d5 exd5 13. Qxd5 Na6 14. Ne3 Bf6 15. Rad1 Bxc3 16. bxc3 Qf6 17. Qb7 1-0

[Event "Titled Tuesday intern op 13th Aug Late"]
[Site "Chess.com INT"]
[Date "2024.08.13"]
[Round "6"]
[White "Duda, Jan Krzysztof"]
[Black "Schmakel, Sam A"]
[Result "1-0"]
[WhiteElo "2733"]
[BlackElo "2449"]
[PlyCount "53"]
[EventDate "2024.08.13"]
[EventType "swiss (blitz)"]
[EventRounds "11"]
[EventCountry "USA"]
[SourceTitle "EXT 2025"]
[Source "ChessBase"]
[SourceDate "2024.10.14"]
[SourceVersion "1"]
[SourceVersionDate "2024.10.14"]
[SourceQuality "1"]

1. Nf3 Nf6 2. g3 g6 3. b4 Bg7 4. Bb2 0-0 5. Bg2 d6 6. c4 e5 7. d3 Na6 8. a3 c6 9. 0-0 Re8 10. e4 Nc7 11. Qc2 Bg4 12. Nbd2 Qd7 13. c5 Rad8 14. cxd6 Qxd6 15. Nxe5 Bc8 16. Ndc4 Qe6 17. d4 Nxe4 18. Bxe4 f6 19. f4 fxe5 20. dxe5 Nd5 21. Rae1 Rf8 22. Nd6 Bd7 23. f5 gxf5 24. Bxf5 Qh6 25. e6 Bxb2 26. Qxb2 Ne3 27. Nf7 1-0

[Event "Titled Tuesday intern op 13th Aug Late"]
[Site "Chess.com INT"]
[Date "2024.08.13"]
[Round "2"]
[White "Schmakel, Sam A"]
[Black "Amanov, Zhanibek"]
[Result "1-0"]
[WhiteElo "2449"]
[BlackElo "2275"]
[PlyCount "69"]
[EventDate "2024.08.13"]
[EventType "swiss (blitz)"]
[EventRounds "11"]
[EventCountry "USA"]
[SourceTitle "EXT 2025"]
[Source "ChessBase"]
[SourceDate "2024.10.14"]
[SourceVersion "1"]
[SourceVersionDate "2024.10.14"]
[SourceQuality "1"]

1. d4 Nf6 2. c4 e6 3. Nf3 d5 4. Nc3 dxc4 5. e4 b5 6. e5 Nd5 7. Nxb5 Nb6 8. Be2 Nc6 9. 0-0 Be7 10. Qd2 0-0 11. Qf4 Nb4 12. Qg3 Kh8 13. Rd1 Ba6 14. Nc3 Nd3 15. h4 c5 16. dxc5 Bxc5 17. Ne4 Qc7 18. Bxd3 cxd3 19. h5 h6 20. Bxh6 gxh6 21. Rac1 Nd7 22. Qf4 Kh7 23. Nxc5 Nxc5 24. b4 Qc6 25. Rxc5 Qa4 26. Rd2 Bb7 27. Rc7 Bxf3 28. gxf3 Kg8 29. Rxd3 Qxa2 30. Rdd7 Qb1+ 31. Kh2 Qh7 32. Rc1 Rab8 33. Rg1+ Kh8 34. Qf6+ Qg7 35. Qxg7# 1-0

[Event "Titled Tuesday intern op 06th Aug Late"]
[Site "Chess.com INT"]
[Date "2024.08.06"]
[Round "6"]
[White "Sarana, Alexey"]
[Black "Schmakel, Sam A"]
[Result "1-0"]
[WhiteElo "2717"]
[BlackElo "2449"]
[PlyCount "85"]
[EventDate "2024.08.06"]
[EventType "swiss (blitz)"]
[EventRounds "11"]
[EventCountry "USA"]
[SourceTitle "EXT 2025"]
[Source "ChessBase"]
[SourceDate "2024.10.14"]
[SourceVersion "1"]
[SourceVersionDate "2024.10.14"]
[SourceQuality "1"]

1. d4 Nf6 2. c4 e6 3. Nc3 Bb4 4. Qc2 d5 5. cxd5 exd5 6. Bg5 0-0 7. e3 h6 8. Bh4 Nc6 9. Bd3 Re8 10. Nge2 g5 11. Bg3 Bf8 12. a3 Nh5 13. 0-0-0 Be6 14. h4 Nxg3 15. Nxg3 gxh4 16. Nf5 Bxf5 17. Bxf5 Ne7 18. Bh7+ Kg7 19. g3 hxg3 20. Rdg1 Ng6 21. Bxg6 fxg6 22. Rxg3 Re6 23. f4 Qe8 24. Nxd5 Rc6 25. Nc3 Rd8 26. Rhg1 Kh7 27. Kb1 Qf7 28. d5 Rb6 29. Ka1 Re8 30. e4 Qxf4 31. e5 Qf5 32. Qxf5 gxf5 33. e6 Re7 34. Rf3 Rg7 35. Rgf1 Be7 36. Rxf5 c6 37. Rf7 cxd5 38. Rxg7+ Kxg7 39. Rf7+ Kg6 40. Rxe7 d4 41. Nd5 Rd6 42. Rd7 Rxe6 43. Nf4+ 1-0

[Event "Titled Tuesday intern op 30th Jul Late"]
[Site "Chess.com INT"]
[Date "2024.07.30"]
[Round "6"]
[White "Schmakel, Sam A"]
[Black "Golsefidy, Sepehr"]
[Result "0-1"]
[WhiteElo "2442"]
[BlackElo "2018"]
[PlyCount "74"]
[EventDate "2024.07.30"]
[EventType "swiss (blitz)"]
[EventRounds "11"]
[EventCountry "USA"]
[SourceTitle "EXT 2025"]
[Source "ChessBase"]
[SourceDate "2024.10.14"]
[SourceVersion "1"]
[SourceVersionDate "2024.10.14"]
[SourceQuality "1"]

1. c4 e6 2. g3 d5 3. Bg2 Nf6 4. Nf3 c5 5. cxd5 exd5 6. 0-0 Nc6 7. d4 cxd4 8. Nxd4 Bc5 9. Nb3 Bb6 10. Nc3 Be6 11. Bg5 0-0 12. Bxf6 Qxf6 13. Nxd5 Qxb2 14. Nxb6 axb6 15. Qd2 Qxd2 16. Nxd2 Rxa2 17. Rxa2 Bxa2 18. Ra1 Be6 19. Kf1 b5 20. Rb1 Rd8 21. Ke1 Nd4 22. e3 Nc2+ 23. Ke2 Na3 24. Ra1 Nc4 25. Nb1 b4 26. Bxb7 b3 27. Ra8 Rxa8 28. Bxa8 Kf8 29. Kd3 Nb6 30. Bc6 Ke7 31. Kc3 Kd6 32. Be4 Kc5 33. Bd3 Na4+ 34. Kd2 Kb4 35. f4 b2 36. e4 Ba2 37. e5 Nc5 0-1

[Event "Titled Tuesday intern op 30th Jul Late"]
[Site "Chess.com INT"]
[Date "2024.07.30"]
[Round "4"]
[White "Yoo, Christopher Woojin"]
[Black "Schmakel, Sam A"]
[Result "1/2-1/2"]
[WhiteElo "2607"]
[BlackElo "2442"]
[PlyCount "105"]
[EventDate "2024.07.30"]
[EventType "swiss (blitz)"]
[EventRounds "11"]
[EventCountry "USA"]
[SourceTitle "EXT 2025"]
[Source "ChessBase"]
[SourceDate "2024.10.14"]
[SourceVersion "1"]
[SourceVersionDate "2024.10.14"]
[SourceQuality "1"]

1. d4 e6 2. c4 d5 3. Nf3 c6 4. Nc3 dxc4 5. e4 b5 6. Be2 Bb7 7. 0-0 Nd7 8. d5 cxd5 9. exd5 exd5 10. Nxb5 a6 11. Nc3 Ngf6 12. b3 Bb4 13. Bb2 0-0 14. bxc4 dxc4 15. a3 Ba5 16. Na4 Rc8 17. Rc1 Bd5 18. Ne5 Nxe5 19. Bxe5 Be6 20. Qc2 Qd5 21. Bxf6 gxf6 22. Nc3 Qe5 23. Bf3 Rfd8 24. Rfe1 Qxc3 25. Qxc3 Bxc3 26. Rxc3 Rd3 27. Rec1 Rxc3 28. Rxc3 a5 29. Be2 Kf8 30. f4 Ke7 31. Kf2 Kd6 32. Ke3 Kc5 33. g4 Rb8 34. Bf3 Rb3 35. Rxb3 cxb3 36. Kd3 b2 37. Kc2 Kd4 38. f5 Bc4 39. Kxb2 Ke3 40. Bd1 Kd4 41. a4 h6 42. h3 Bd5 43. h4 Bc6 44. Kb3 Kc5 45. Kc3 Bd5 46. Bc2 Bc6 47. Bb3 Bd5 48. Bd1 Bc6 49. h5 Bd5 50. Be2 Bc6 51. Bd1 Be4 52. Be2 Bc6 53. Bd1 1/2-1/2

[Event "Titled Tuesday intern op 23rd Jul Late"]
[Site "Chess.com INT"]
[Date "2024.07.23"]
[Round "6"]
[White "Schmakel, Sam A"]
[Black "Andreikin, Dmitry"]
[Result "0-1"]
[WhiteElo "2442"]
[BlackElo "2729"]
[PlyCount "66"]
[EventDate "2024.07.23"]
[EventType "swiss (blitz)"]
[EventRounds "11"]
[EventCountry "USA"]
[SourceTitle "EXT 2025"]
[Source "ChessBase"]
[SourceDate "2024.10.14"]
[SourceVersion "1"]
[SourceVersionDate "2024.10.14"]
[SourceQuality "1"]

1. d4 Nf6 2. c4 g6 3. Nc3 Bg7 4. e4 0-0 5. h3 d6 6. Be3 Nc6 7. d5 Nb4 8. g4 e6 9. a3 Na6 10. Nge2 Re8 11. Ng3 exd5 12. cxd5 Nc5 13. Bg2 b6 14. 0-0 Ba6 15. Re1 Nfd7 16. Qc2 Bd3 17. Qd2 Bc4 18. Rad1 Bb3 19. Rb1 Ne5 20. Bxc5 bxc5 21. f4 Qh4 22. Qe3 Nxg4 23. Qf3 Bd4+ 24. Kh1 Bf2 25. Nce2 Bxe1 26. Rxe1 Nf6 27. Qxb3 Nxe4 28. Bxe4 Rxe4 29. Kg2 Re7 30. Qf3 Rae8 31. Qg4 Qf6 32. Rb1 h5 33. Qf3 h4 0-1

[Event "New York 1924 Centennial"]
[Site "New York"]
[Date "2024.07.19"]
[Round "4"]
[White "Schmakel, Sam A"]
[Black "Aaron, Deepak"]
[Result "1-0"]
[WhiteElo "2442"]
[BlackElo "2276"]
[PlyCount "59"]
[EventDate "2024.07.17"]
[EventType "swiss"]
[EventRounds "9"]
[EventCountry "USA"]
[SourceTitle "CBM 221 Extra"]
[Source "ChessBase"]
[SourceDate "2024.09.30"]
[SourceVersion "1"]
[SourceVersionDate "2024.09.30"]
[SourceQuality "1"]

1. e4 c5 2. Nf3 Nc6 3. Bb5 g6 4. Bxc6 dxc6 5. d3 Bg7 6. h3 e5 7. Be3 b6 8. a4 a5 9. Na3 Qc7 10. 0-0 Nf6 11. Nc4 Nd7 12. Nh2 Ba6 13. b3 0-0 14. Qd2 f5 15. exf5 gxf5 16. Bh6 Bxh6 17. Qxh6 Rf6 18. Qh4 Rg6 19. f4 Bxc4 20. bxc4 Kh8 21. fxe5 Rag8 22. Rxf5 Nxe5 23. Qf4 Rxg2+ 24. Kh1 Re2 25. Ng4 Rxg4 26. hxg4 Qe7 27. Rf1 Qh4+ 28. Kg1 Qe7 29. Qh6 Ng6 30. Rf8+ 1-0

[Event "Titled Tuesday intern op 16th Jul Late"]
[Site "Chess.com INT"]
[Date "2024.07.16"]
[Round "5"]
[White "Schmakel, Sam A"]
[Black "Sarana, Alexey"]
[Result "0-1"]
[WhiteElo "2442"]
[BlackElo "2717"]
[PlyCount "172"]
[EventDate "2024.07.16"]
[EventType "swiss (blitz)"]
[EventRounds "11"]
[EventCountry "USA"]
[SourceTitle "EXT 2025"]
[Source "ChessBase"]
[SourceDate "2024.10.14"]
[SourceVersion "1"]
[SourceVersionDate "2024.10.14"]
[SourceQuality "1"]

1. c4 e5 2. g3 Nf6 3. Bg2 Nc6 4. Nc3 Bb4 5. Nd5 Nxd5 6. cxd5 Ne7 7. Nf3 Ng6 8. 0-0 Be7 9. d4 d6 10. dxe5 dxe5 11. Qa4+ Qd7 12. Qb3 0-0 13. Be3 Bd6 14. Nd2 f5 15. Nc4 f4 16. Bd2 Qe7 17. Rac1 Bg4 18. Rfe1 Kh8 19. Qxb7 Rab8 20. Qa6 Bc5 21. e3 fxg3 22. hxg3 Rf6 23. d6 cxd6 24. b4 Bxb4 25. Rb1 d5 26. Qa4 dxc4 27. Bxb4 Qf7 28. Bc5 Rc8 29. Rb7 Qe6 30. Qxa7 Qf5 31. e4 Qh5 32. Rb8 Rfc6 33. Reb1 h6 34. Rxc8+ Bxc8 35. Be3 c3 36. Qa8 c2 37. Rc1 Qd1+ 38. Bf1 Ne7 39. Qa4 Bg4 40. Qb4 Be2 41. Qxe7 Bxf1 42. Qf8+ Kh7 43. Qf5+ Rg6 44. Qxe5 Be2+ 45. Kh2 Bd3 46. Qf5 Qe2 47. Qf4 Qh5+ 48. Qh4 Qe5 49. Qf4 Qe8 50. e5 Rg5 51. Kg1 Rh5 52. Qd4 Qg6 53. Qf4 Be4 54. f3 Bd3 55. g4 Rg5 56. Kg2 Qa6 57. Kf2 Rg6 58. Qd4 Rc6 59. Qb4 Bg6 60. Qd2 Qxa2 61. f4 Be4 62. f5 Qc4 63. e6 Qa6 64. Qd4 Rc4 65. Qe5 Bb7 66. Bd4 Rxd4 67. Qxd4 Qc6 68. Qe3 Qg2+ 69. Ke1 Bf3 70. Qf2 Qh3 71. Rxc2 Bxg4 72. Kd2 Bxf5 73. Rc3 Qg4 74. e7 Bg6 75. Re3 Qd4+ 76. Ke1 Qa1+ 77. Ke2 Bh5+ 78. Kd3 Qa3+ 79. Ke4 Qxe7+ 80. Kf4 Qg5+ 81. Ke4 Qc5 82. Kf4 Qd6+ 83. Ke4 Qd7 84. Rg3 Bg6+ 85. Ke3 Qd3+ 86. Kf4 Qe4# 0-1

[Event "Titled Tuesday intern op 16th Jul Late"]
[Site "Chess.com INT"]
[Date "2024.07.16"]
[Round "2"]
[White "Schmakel, Sam A"]
[Black "Thorfinnsson, Bragi"]
[Result "1-0"]
[WhiteElo "2442"]
[BlackElo "2379"]
[PlyCount "109"]
[EventDate "2024.07.16"]
[EventType "swiss (blitz)"]
[EventRounds "11"]
[EventCountry "USA"]
[SourceTitle "EXT 2025"]
[Source "ChessBase"]
[SourceDate "2024.10.14"]
[SourceVersion "1"]
[SourceVersionDate "2024.10.14"]
[SourceQuality "1"]

1. d4 d5 2. Bf4 Nf6 3. e3 c5 4. Nf3 Nc6 5. Nbd2 e6 6. c3 cxd4 7. exd4 Nh5 8. Be3 Bd6 9. g3 0-0 10. Ne5 Nf6 11. f4 Qb6 12. Qc1 Nxe5 13. fxe5 Bxe5 14. Nc4 dxc4 15. dxe5 Qc6 16. Rg1 Nd5 17. Bd4 b5 18. h4 Bb7 19. h5 Ne7 20. Bg2 Qd7 21. Qg5 Bxg2 22. Rxg2 Qd5 23. Kf2 Nf5 24. Rd1 Rad8 25. Kg1 Qe4 26. h6 Nxh6 27. g4 b4 28. Rf1 bxc3 29. bxc3 Kh8 30. Rgf2 a5 31. Rxf7 Nxf7 32. Rxf7 Qg6 33. Qxg6 hxg6 34. Re7 Rde8 35. Rc7 Rf4 36. Rxc4 Ref8 37. Rc6 Rxg4+ 38. Kh2 Rf5 39. Kh3 Rgg5 40. Rxe6 Rh5+ 41. Kg4 Rhg5+ 42. Kh3 Rh5+ 43. Kg4 Kh7 44. Ra6 Rhg5+ 45. Kh3 Rf1 46. Kh2 Rf4 47. Kh3 Rf1 48. Kh2 Rf2+ 49. Kh3 Rxa2 50. e6 Re2 51. Ra7 Rxe6 52. Rxg7+ Kh6 53. Rg8 Re3+ 54. Bxe3 Kh5 55. Rh8# 1-0